|
|
|
|
| LEADER |
00000nab a2200000 a 4500 |
| 001 |
vtls000003978 |
| 003 |
SK-MaSNL |
| 005 |
20260304063311.0 |
| 008 |
250422c1978 xo 0 slo |
| 015 |
|
|
|a SNBRB19rr/mm-uuuuu
|
| 035 |
|
|
|a CL0014071
|
| 035 |
|
|
|a urn:nbn:sk:snk-abdjjo
|
| 035 |
|
|
|a (urnnbn)urn:nbn:sk:snk:ar-0014gz
|
| 035 |
|
|
|a (uuid)74572acf-f9fe-4a1d-83fc-2d8fada0adde
|
| 040 |
|
|
|a SNKBUCL
|b slo
|c SNKBUCL
|e AACR2
|
| 041 |
0 |
|
|a slo
|
| 044 |
|
|
|a xo
|c SK
|
| 080 |
|
|
|a 791.4
|2 1981
|
| 100 |
1 |
|
|a Rosenberg, Slavo
|4 aut
|9 943662
|
| 245 |
1 |
0 |
|a Čí život je cennejší
|c Slavo Rosenberg
|
| 300 |
|
|
|b Obr. 2.
|
| 630 |
0 |
7 |
|a Čas žiť, čas milovať (film)
|2 snkbucl
|9 1349602
|
| 650 |
0 |
7 |
|a sovietske filmy
|2 snkbucl
|9 441149
|
| 655 |
|
7 |
|a články z novín a časopisov
|2 snkbucl
|9 267496
|
| 773 |
0 |
|
|t Film a divadlo
|g Roč. 22, č. 14 (1978), s. 12-13
|
| 850 |
|
|
|a Slovenská národná knižnica
|
| 852 |
|
|
|a Slovenská národná knižnica
|
| 954 |
|
|
|a odborná, vedecká literatúra pôvodná (slovenská)
|2 lita
|
| 958 |
|
|
|a article19
|
| 958 |
|
|
|a OND
|
| 958 |
|
|
|a EUIPO
|
| 992 |
|
|
|a RBX
|
| 999 |
|
|
|c 2742016
|d 2743946
|